Witamy w Bibliotece Naukowej Instytutu Łączności!

Delphi 2 / (Rekord nr 446)

000 -LEADER
fixed length control field 01160cam a2200361 i 4500
005 - DATE AND TIME OF LATEST TRANSACTION
control field 20171212141702.0
008 - FIXED-LENGTH DATA ELEMENTS--GENERAL INFORMATION
fixed length control field 060410s1997 pl a f f |001 0 pol c
020 ## - INTERNATIONAL STANDARD BOOK NUMBER
International Standard Book Number 8386718781
035 ## - SYSTEM CONTROL NUMBER
System control number zz2006984126
039 #9 - LEVEL OF BIBLIOGRAPHIC CONTROL AND CODING DETAIL [OBSOLETE]
Level of rules in bibliographic description 201609200016
Level of effort used to assign nonsubject heading access points AUTHORITY
Level of effort used to assign subject headings 201606201055
Level of effort used to assign classification kopilwa
Level of effort used to assign subject headings 201406091048
Level of effort used to assign classification vpski
Level of effort used to assign subject headings 201311130114
Level of effort used to assign classification VLOAD
-- 200604101405
-- vbuw94
040 ## - CATALOGING SOURCE
Original cataloging agency WA U/94ANK
Transcribing agency WA U/ANK
Modifying agency WA U/ANK
041 1# - LANGUAGE CODE
Language code of text/sound track or separate title pol
Language code of original and/or intermediate translations of text eng
100 1# - MAIN ENTRY--PERSONAL NAME
Personal name Pacheco, Xavier.
245 10 - TITLE STATEMENT
Title Delphi 2 /
Statement of responsibility, etc Xavier Pacheco, Steve Teixeira ; [tł. Andrzej Grażyński].
246 1# - VARYING FORM OF TITLE
Display text Tyt. oryg.:
Title proper/short title Delphi 2 developer's guide
260 ## - PUBLICATION, DISTRIBUTION, ETC. (IMPRINT)
Place of publication, distribution, etc Gliwice :
Name of publisher, distributor, etc Helion,
Date of publication, distribution, etc cop. 1997.
300 ## - PHYSICAL DESCRIPTION
Extent 1254 s. :
Other physical details il. ;
Dimensions 24 cm.
490 1# - SERIES STATEMENT
Series statement Vademecum Profesjonalisty
650 ## - SUBJECT ADDED ENTRY--TOPICAL TERM
Topical term or geographic name as entry element Borland Delphi (język programowania)
Form subdivision podręczniki.
951 ## - EQUIVALENCE OR CROSS-REFERENCE-GEOGRAPHIC NAME/AREA NAME [OBSOLETE] [CAN/MARC only]
Geographic name KIEL_008 KIEL_010
700 1# - ADDED ENTRY--PERSONAL NAME
Personal name Grażyński, Andrzej.
Relator term Tł.
700 1# - ADDED ENTRY--PERSONAL NAME
Personal name Teixeira, Steve.
710 2# - ADDED ENTRY--CORPORATE NAME
Corporate name or jurisdiction name as entry element Grupa Wydawnicza Helion.
Relator code pbl
830 #0 - SERIES ADDED ENTRY--UNIFORM TITLE
Uniform title Vademecum Profesjonalisty
982 ## - EQUIVALENCE OR CROSS-REFERENCE-SERIES STATEMENT--CONFERENCE OR MEETING NAME/TITLE [LOCAL, CANADA]
Meeting name or jurisdiction name as entry element BYDG_22
920 ## -
-- 83-86718-78-1
961 ## -
-- SIEDL_001 WA_310
966 ## -
-- POZN_31
968 ## -
-- TOR_U
970 ## -
-- WA_U
971 ## -
-- L_U
979 ## -
-- BSTOK_U
Egzemplarze
Withdrawn status Lost status Source of classification or shelving scheme Damaged status Not for loan Permanent Location Current Location Shelving location Date acquired Cost, normal purchase price Inventory number Full call number Barcode Date last seen Price effective from Koha item type Public note
          Instytut Łączności Instytut Łączności Magazyn 1998-02-13 125.10 38925 38925 38925 2019-12-03 2017-11-30 Książki + CD-Rom

Działa dzięki Koha